00622 2200253 4500001002100000005001500021035002000036007000300056008004100059040001700100100001200117245003900129250001100168300002900179020001800208041000800226082000800234084001400242090001800256260004400274650001700318850001000335990002300345INLIS00000000000341720260412104841 a0010-0521000054ta260412 0  aSBPUPADbind0 aWilliam1 aDibawah Bayangan :bFDR /cWilliam aCet--1 axiv, 353 hlm. ;c20,5 cm a979-416-250-7 aind a320 a320 WIL d a320 WIL d 6-8 aJakarta :bPustaka Sinar Harapan,c1994 4apemerintahan aPUPAD a00550/ARPUS-PDG 05